00420cam a22001217a 4500008004000000082001600040100001500056245010800071260005100179300001300230650003500243700002000278180718b1972 xxu||||| |||| 00| 0 eng d aZ12x54 W229 aWard, W.B. aCan India's agricultural universities meet the communication challengecby W.B. Ward and Royal D. Colle aIthacabDepartment of Communication Artsc1972 ap.259-64 aAgricultural Extension - India aD. Colle, Royal